LEADER 01059nam a2200265 i 4500 001 000000130880 003 CaOOAMICUS 005 20070223000000.0 008 070223s1975 it u000 u ita u 013 $a103719 040 $aSeMil$bita 100 1 $aLanger, Susanne K. <1895-1985>.$0(OLS)http://semarc/name/17507 240 10$aFeeling and Form. A Theory of Art.$0(OLS)http://semarc/title/192682 245 10$aSentimento e forma /$cSusanne K. Langer ; [Traduzione dall'originale di Lia Formigari ]. 260 $aMilano :$bFeltrinelli,$c1975. 300 $a469 p. ;$c20 cm. 490 0 $aSC/10 ;$v58 650 4$aArte.$0(OLS)http://semarc/subject/1231 700 1 $aFormigari, Lia.$0(OLS)http://semarc/name/54113 830 0$aSC/10 ;$v58.$0(OLS)http://semarc/title/6592 850 $aSeMil 852 $aSeMil$W1$xVenegono$y1$m3X I 114$j84899$B84899$CSeMilBibl$Z2$F122837 $81 961 $aOmaggio: Altro 996 $6245$aSentimento e forma$9(OLS)http://semarc/title/192681 996 $6260$aMilano :$bFeltrinelli$9(OLS)http://semarc/publisher/30237 LEADER 01177nam a2200289 4500 001 000000363585 003 CaOOAMICUS 005 20250711142525.0 008 250711s2013 it 000 u ita r 020 $a978-88-6153-391-2 040 $aSeMil$bita 100 0 $aMichaelDavide,$c.$0(OLS)http://semarc/name/65140 245 10$aPapa Francesco :$bla rivoluzione dei gesti /$cFratel MichaelDavide. 264 1$aMolfetta (BA) :$bLa Meridiana,$c2013. 300 $a104 p. ;$c21 cm 490 1 $aPaginealtre 600 04$aFrancesco I .$0(OLS)http://semarc/subject/15916 830 0$aPaginealtre.$0(OLS)http://semarc/title/7770 850 $aSeMil 852 $aSeMil$W1$xVenegono$y1$m2A II 581$j259613$B254426$CSeMilBibl$Z2$F254426 $81 900 1 $aSemeraro, Michael Davide. 961 $aCrippa don Marco - Omaggio 996 $6020$a978-88-6153-391-2$9(OLS)http://semarc/number/303635 996 $6245$aPapa Francesco :$bla rivoluzione dei gesti$9(OLS)http://semarc/title/454824 996 $6264$aMolfetta (BA) :$bLa Meridiana$9(OLS)http://semarc/publisher/32072 LEADER 01107nam a2200253 i 4500 001 000000050677 003 CaOOAMICUS 005 20230518115827.0 008 121207s1762 it u000 u lat u 026 $am-n- x-de usa- rini (3) 1762 (R) 040 $aSeMil$bita 100 1 $aBurckard von Heilig, Nikolaus.$0(OLS)http://semarc/name/12480 245 10$aTomus 1. 300 $avij, [1], 1010 p. 500 $aFront. stampato in rosso e nero 500 $aSegn.: *4 A-3R8 3S2 500 $aUltima carta bianca 773 0 $aBurckard von Heilig, Nikolaus$tAlphabetum morale seu Theologia moralis casibus conscientiae ordine alhpabetico [!] elucidata ... Authore admodum rev. patre Brocardo a S. Nicolao, ordinis ff. beatissime virginis Mariae de Monte Carmelo ... Tomus 1. [-2.].$dVenetiis : Ex Officina Antonii Bassanesii, 1762.$g1$w()27497 850 $aSeMil 852 $aSeMil$W1$xVenegono$y1$m2F II 32 FA$j16832$B16832$CSeMilBibl$Z2$F16832 $8I 941 1 $a10 961 $aRecupero: Mantegazza 996 $6245$aTomus 1$9(OLS)http://semarc/title/47282 LEADER 01010nam a2200241 i 4500 001 000000209992 003 CaOOAMICUS 005 20120110000000.0 008 120110s1970 it u000 u ita u 013 $a188784 040 $aSeMil$bita 100 1 $aMalgeri, Francesco.$0(OLS)http://semarc/name/322 245 13$aLa Guerra Libica :$b1911-1912 /$cFrancesco Malgeri. 260 $aRoma :$bEdizioni di Storia e Letteratura,$c1970. 300 $a426 p. ;$c25 cm. 490 0 $aPolitica e storia : raccolta di studi e testi ;$v25 500 $aContiene : Appendice. 650 4$aEsercito italiano - Carabinieri - Storia.$0(OLS)http://semarc/subject/29362 830 0$aPolitica e storia ;$v25.$0(OLS)http://semarc/title/33504 850 $aSeMil 852 $aSeMil$W1$xVenegono$y1$m3T VI 167$j160443$B160443$CSeMilBibl$Z2$F171401 $81 996 $6245$aLa Guerra Libica :$b1911-1912$9(OLS)http://semarc/title/303604 996 $6260$aRoma :$bEdizioni di Storia e Letteratura$9(OLS)http://semarc/publisher/29779 LEADER 01556nam a2200265 i 4500 001 000000051780 003 CaOOAMICUS 005 20230517120726.0 008 130226s1761 it u000 u lat u 026 $aa-n- s.o- s,n- (amn (3) 1761 (R) 040 $aSeMil$bita 100 1 $aHabert, Louis,$d<1636-1718>.$0(OLS)http://semarc/name/12473 245 10$aPraxis sacramenti poenitentiae sive Methodus illius utiliter administrandi auctore d. Ludovico Habert sacrae facultatis Parisiensis doctore theologo & socio sorbonico, .. edita jussu episcopi comitis verodunensis ad usum confessariorum dioecesis suae. 250 $aEditio novissima diligenter emendata. 260 $aVenetiis :$bEx Typographia Remondiniana,$c1761. 300 $aXXIV, 452 p. ;$c12°. 500 $aSegn.: *12 A-S12 T10 650 4$aPenitenza - Manuali.$0(OLS)http://semarc/subject/4416 650 4$aPenitenza - Confessore.$0(OLS)http://semarc/subject/5130 700 0 $aRemondini,$c.$0(OLS)http://semarc/name/3017 850 $aSeMil 852 $aSeMil$W1$xVenegono$y1$m2G I 24 FA$j17935$B17935$CSeMilBibl$Z2$F17936 $8I 996 $6245$aPraxis sacramenti poenitentiae sive Methodus illius utiliter administrandi auctore d. Ludovico Habert sacrae facultatis Parisiensis doctore theologo & socio sorbonico, .. edita jussu episcopi comitis verodunensis ad usum confessariorum dioecesis suae$9(OLS)http://semarc/title/79372 996 $6260$aVenetiis :$bEx Typographia Remondiniana$9(OLS)http://semarc/publisher/37285 LEADER 00659nas a2200181 i 4500 001 000000002583 003 CaOOAMICUS 005 20180830125436.0 008 180830s1934 it uu u0 0ita r 040 $aSeMil$bita 245 10$aPagine di cultura /$cRivista edita dai PP. Barnabiti. 260 $aRoma :$b[s.n.],$c1934-1935. 500 $aConsistenza: 1. (1934) - 2. (1935) 710 2 $aBarnabiti .$0(OLS)http://semarc/name/1748 774 0 $tTitolo mancante.$w()129676 785 00$tBarnabiti. Studi.$dRoma : [s.n.] $w()1965 996 $6245$aPagine di cultura$9(OLS)http://semarc/title/4375 996 $6260$aRoma :$b[s.n.]$9(OLS)http://semarc/publisher/29738 LEADER 01408nam a2200241 4500 001 000000339212 003 CaOOAMICUS 005 20200204101837.0 008 200204s1824 it 000 u ita r 026 $ao.il ---- 3611 1090 (3) 1824 (A) 040 $aSeMil$bita 245 00$aManuale pel conteggio di tutte le monete d'oro e d'argento esposto in nuove lire i.r. austriache, italiane, milanesi e moneta di convenzione, preceduto dalla stessa tariffa e dalle tavole di ragguaglio fra la nuova lira i.r. austriaca, italiana, mila. 264 1$aMilano :$bCoi tipi di Giovanni Pirotta,$c1824. 300 $a[4], 168 p. :$bill. ;$c12° 500 $aSegn.: [a]2 b-d6 D-M6 N4 O6 P2 650 4$aDenaro - Prezzi - Opere anteriori al 1900.$0(OLS)http://semarc/subject/48977 700 1 $aPirotta, Giovanni,$c.$0(OLS)http://semarc/name/2725 850 $aSeMil 852 $aSeMil$W1$xVenegono$y1$m3XD I 2 FA$j218405$B230334$CSeMilBibl$Z2$F230334 $8I 941 1 $a10 996 $6245$aManuale pel conteggio di tutte le monete d'oro e d'argento esposto in nuove lire i.r. austriache, italiane, milanesi e moneta di convenzione, preceduto dalla stessa tariffa e dalle tavole di ragguaglio fra la nuova lira i.r. austriaca, italiana, mila$9(OLS)http://semarc/title/428020 996 $6264$aMilano :$bCoi tipi di Giovanni Pirotta$9(OLS)http://semarc/publisher/36545